000
00303nam a22001337a 4500
008
210323b ||||| |||| 00| 0 eng d
041
_a
eng
080
_a
7
082
_a
7
100
_a
44
101
_a
ART
245
_a
Vitamin T Threads & Textiles in Contemporary Art
_c
Phaidon,
942
_2
udc
_c
BK
999
_c
56682
_d
56682